000 00439nam a2200157Ia 4500
008 160316s1998 xxu||||| |||| 00| 0 eng d
082 _a343.052000
_bSRI
100 _aSrinivasan K
245 _aGuide to double taxation avoidance agreements
250 _a
260 _aNew Delhi
_bVidhi Publishing (P) Ltd.
_c1998
300 _a5.18p
_b
_ccxi
365 _bRs.1,260
650 _a1.Tax laws - Double taxation - Avoidance
700 _a
_a
999 _c14385
_d14385